[Event "Magistral Internacional Mar de Ajo 2009"]
[Site "Buenos Aires ARG"]
[Date "2009.03.23"]
[Round "1.1"]
[White "Garcia Palermo, Carlos"]
[Black "Van Riemsdijk, Herman C"]
[Result "1/2-1/2"]
[WhiteElo "2484"]
[BlackElo "2393"]
[PlyCount "152"]
[EventDate "2009.03.23"]
[EventType "tourn"]
[EventRounds "9"]
[EventCountry "ARG"]
[EventCategory "8"]
[Source "lmi"]
[SourceDate "2009.03.23"]

1. d4 Nf6 2. c4 e6 3. Nc3 Bb4 4. Qc2 c5 5. dxc5 O-O 6. a3 Bxc5 7. Nf3 Be7 8. e4
d6 9. Be2 a6 10. O-O Qc7 11. Bf4 Nbd7 12. Rac1 b6 13. b4 Bb7 14. Qb1 Rfd8 15.
Nd2 Rac8 16. Na4 Qb8 17. Rfe1 Qa8 18. Bf1 Bc6 19. Nc3 Nf8 20. Nd5 exd5 21. exd5
Bxd5 22. cxd5 Nxd5 23. Rxc8 Qxc8 24. Bg3 Ne6 25. Bd3 g6 26. Bc4 Ndc7 27. Qd3 d5
28. Bb3 Nb5 29. Nb1 Nbd4 30. Ba2 Bf6 31. Kf1 Nf5 32. Rd1 h5 33. h3 Nxg3+ 34.
Qxg3 Qc2 35. Bb3 Qf5 36. Qe3 Nd4 37. Nd2 Kg7 38. Nf3 Nxf3 39. Qxf3 Qxf3 40.
gxf3 d4 41. Rc1 Rd7 42. Rc6 Bd8 43. Ke2 d3+ 44. Ke3 a5 45. f4 axb4 46. axb4 b5
47. Rc3 Bb6+ 48. Kd2 Bxf2 49. Rxd3 Be1+ 50. Ke2 Rxd3 51. Kxd3 Bxb4 52. Ke4 Bd2
53. Ba2 Kf6 54. Bb3 b4 55. Bd1 Ke6 56. Bb3+ Ke7 57. Kf3 f5 58. Bc4 Kf6 59. Bb3
g5 60. fxg5+ Bxg5 61. Bc2 Ke5 62. Bd3 b3 63. Bc4 b2 64. Bd3 Bc1 65. Bb1 f4 66.
Ke2 Kd4 67. Bh7 Kc3 68. Bg6 Be3 69. Bb1 Kd4 70. Kf3 Ke5 71. Bc2 Kf6 72. Bb1 Kg5
73. Bc2 Kh4 74. Bf5 Bd2 75. Kg2 Bc1 76. Kf3 Kg5 1/2-1/2

[Event "Magistral Internacional Mar de Ajo 2009"]
[Site "Buenos Aires ARG"]
[Date "2009.03.23"]
[Round "1.2"]
[White "Rodriguez Vila, Andres"]
[Black "Slipak, Sergio"]
[Result "1/2-1/2"]
[WhiteElo "2524"]
[BlackElo "2452"]
[PlyCount "38"]
[EventDate "2009.03.23"]
[EventType "tourn"]
[EventRounds "9"]
[EventCountry "ARG"]
[EventCategory "8"]
[Source "lmi"]
[SourceDate "2009.03.23"]

1. e4 e5 2. Nf3 Nc6 3. Bb5 Nd4 4. Nxd4 exd4 5. O-O c6 6. Bc4 Nf6 7. Re1 Bc5 8.
e5 Nd5 9. Qf3 O-O 10. Bxd5 cxd5 11. Qxd5 d6 12. b3 Be6 13. Qxb7 dxe5 14. Ba3
Bd5 15. Qb5 Qg5 16. Qf1 Rfc8 17. c4 Bb7 18. Bxc5 Rxc5 19. f3 Rc6 1/2-1/2

[Event "Magistral Internacional Mar de Ajo 2009"]
[Site "Buenos Aires ARG"]
[Date "2009.03.23"]
[Round "1.3"]
[White "Hobaica, Juan Pablo"]
[Black "Rodriguez, Jorge Luis"]
[Result "1/2-1/2"]
[WhiteElo "2400"]
[BlackElo "2393"]
[PlyCount "77"]
[EventDate "2009.03.23"]
[EventType "tourn"]
[EventRounds "9"]
[EventCountry "ARG"]
[EventCategory "8"]
[Source "lmi"]
[SourceDate "2009.03.23"]

1. d4 d5 2. c4 e6 3. Nc3 Nf6 4. Bg5 Nbd7 5. e3 c6 6. cxd5 exd5 7. Bd3 Be7 8.
Nge2 O-O 9. O-O Ne4 10. Bf4 Nxc3 11. bxc3 Nf6 12. Qc2 Re8 13. f3 c5 14. Ng3 Bd6
15. Bxd6 Qxd6 16. Qf2 Be6 17. Rad1 Rad8 18. Bb1 cxd4 19. cxd4 Qb6 20. h3 Nd7
21. Nh5 g6 22. Nf4 Qd6 23. g4 Nb6 24. Bd3 Rc8 25. Ng2 f6 26. h4 Bf7 27. g5 Nc4
28. e4 Rf8 29. gxf6 Qxf6 30. e5 Qe7 31. f4 Be6 32. h5 Bf5 33. Nh4 Ne3 34. Nxf5
Nxf5 35. hxg6 hxg6 36. Bxf5 Rxf5 37. Rd3 Kg7 38. Rg3 Qe6 39. Qe2 1/2-1/2

[Event "Magistral Internacional Mar de Ajo 2009"]
[Site "Buenos Aires ARG"]
[Date "2009.03.23"]
[Round "1.4"]
[White "Diamant, Andre"]
[Black "Ginzburg, Maximiliano"]
[Result "1-0"]
[WhiteElo "2472"]
[BlackElo "2455"]
[PlyCount "67"]
[EventDate "2009.03.23"]
[EventType "tourn"]
[EventRounds "9"]
[EventCountry "ARG"]
[EventCategory "8"]
[Source "lmi"]
[SourceDate "2009.03.23"]

1. e4 e5 2. Nf3 Nc6 3. Bb5 Nge7 4. c3 d6 5. d4 Bd7 6. O-O Ng6 7. d5 Nb8 8.
Bxd7+ Nxd7 9. c4 Be7 10. Nc3 O-O 11. Be3 f5 12. exf5 Rxf5 13. Ne4 Nf4 14. g3
Ng6 15. Nfd2 b6 16. b4 a5 17. bxa5 Rxa5 18. a4 Nc5 19. Nxc5 bxc5 20. Ne4 Qd7
21. Bd2 Ra7 22. a5 Rf8 23. Qe2 Bf6 24. Rab1 Ne7 25. f4 exf4 26. Nxf6+ Rxf6 27.
Rb8+ Rf8 28. Rxf8+ Kxf8 29. Rxf4+ Kg8 30. Re4 Ng6 31. Re8+ Kf7 32. Rb8 Qe7 33.
Qg4 Qe5 34. Bc3 1-0

[Event "Magistral Internacional Mar de Ajo 2009"]
[Site "Buenos Aires ARG"]
[Date "2009.03.23"]
[Round "1.5"]
[White "Alonso, Salvador"]
[Black "Claverie, Raul"]
[Result "1-0"]
[WhiteElo "2441"]
[BlackElo "2374"]
[PlyCount "101"]
[EventDate "2009.03.23"]
[EventType "tourn"]
[EventRounds "9"]
[EventCountry "ARG"]
[EventCategory "8"]
[Source "lmi"]
[SourceDate "2009.03.23"]

1. e4 e6 2. d4 d5 3. Nc3 Bb4 4. e5 c5 5. Bd2 Nc6 6. Nb5 Bxd2+ 7. Qxd2 Nxd4 8.
Nxd4 cxd4 9. f4 Ne7 10. Nf3 Nf5 11. Bd3 Qb6 12. O-O-O Ne3 13. Rde1 Bd7 14. Nxd4
Nxg2 15. Qxg2 Qxd4 16. f5 Qf4+ 17. Kb1 Qh6 18. fxe6 fxe6 19. Rhf1 Bc6 20. Qf2
Qh5 21. Qc5 Qh4 22. Bb5 Rc8 23. Bxc6+ bxc6 24. Qxa7 Qe7 25. Qa6 Qc7 26. Qd3 Qe7
27. Rf2 Kd7 28. Ref1 Rcf8 29. Qa6 Rxf2 30. Rxf2 Rc8 31. a4 Rc7 32. a5 Qe8 33.
Qf1 Ke7 34. Qh3 c5 35. Qxh7 Kd8 36. Qd3 Ra7 37. Qf1 Ke7 38. a6 c4 39. Qg1 Kd8
40. Rf8 Qxf8 41. Qxa7 Qb4 42. Qa8+ Kc7 43. Qa7+ Kc8 44. c3 Qa4 45. Qc5+ Kb8 46.
Qf8+ Ka7 47. Qe7+ Kxa6 48. Qxe6+ Ka7 49. Qxd5 g5 50. e6 Qb3 51. Qa5+ 1-0

[Event "Magistral Internacional Mar de Ajo 2009"]
[Site "Buenos Aires ARG"]
[Date "2009.03.24"]
[Round "2.1"]
[White "Van Riemsdijk, Herman C"]
[Black "Claverie, Raul"]
[Result "1/2-1/2"]
[WhiteElo "2393"]
[BlackElo "2374"]
[PlyCount "171"]
[EventDate "2009.03.23"]
[EventType "tourn"]
[EventRounds "9"]
[EventCountry "ARG"]
[EventCategory "8"]
[Source "lmi"]
[SourceDate "2009.03.23"]

1. e4 e6 2. d4 d5 3. Nc3 Bb4 4. e5 c5 5. a3 Bxc3+ 6. bxc3 Qa5 7. Bd2 Qa4 8. Nf3
b6 9. Qb1 Ba6 10. Qb3 Qxb3 11. cxb3 Ne7 12. Bxa6 Nxa6 13. Ke2 Kd7 14. h4 cxd4
15. cxd4 Rac8 16. Kd3 h5 17. Rac1 Nf5 18. g3 f6 19. Bf4 Nb8 20. Rxc8 Rxc8 21.
Re1 Nc6 22. Bd2 Rf8 23. Re2 Nfe7 24. exf6 gxf6 25. Bc3 Nf5 26. Ne1 Re8 27. Nf3
Nd8 28. Bd2 Nb7 29. Bf4 Rc8 30. Rc2 Rxc2 31. Kxc2 Na5 32. Kc3 Nc6 33. Kd3 Na5
34. Kc3 Nc6 35. Kd3 a6 36. Kc3 b5 37. Kd3 a5 38. Kc3 b4+ 39. axb4 axb4+ 40. Kd3
Kc8 41. Bd2 Kc7 42. Be3 Kd6 43. Ng1 e5 44. Ne2 Ke6 45. dxe5 fxe5 46. f3 d4 47.
Bd2 Kd5 48. Be1 Nd6 49. Nc1 Nb5 50. Kc2 Nc3 51. Nd3 Ne2 52. Kd1 Ng1 53. g4 Nxf3
54. gxh5 Ke6 55. h6 Kf7 56. Nxb4 Nxb4 57. h7 Kg7 58. Bxb4 Kxh7 59. Ke2 e4 60.
Bd2 Kg6 61. b4 Ne5 62. b5 Nc4 63. Bb4 Kh5 64. Bc5 d3+ 65. Kf2 Kxh4 66. b6 Na5
67. Ke3 Nc4+ 68. Kxe4 d2 69. b7 d1=Q 70. b8=Q Nd2+ 71. Ke5 Qe2+ 72. Kd4 Nf3+
73. Kc3 Qd2+ 74. Kb3 Qd1+ 75. Ka2 Qd2+ 76. Qb2 Qd5+ 77. Qb3 Qa8+ 78. Kb2 Ne5
79. Bf2+ Kg5 80. Qg3+ Kf5 81. Qh3+ Ke4 82. Qg2+ Nf3 83. Qg6+ Kd5 84. Qf7+ Ke4
85. Qg6+ Kf4 86. Qf6+ 1/2-1/2

[Event "Magistral Internacional Mar de Ajo 2009"]
[Site "Buenos Aires ARG"]
[Date "2009.03.24"]
[Round "2.2"]
[White "Ginzburg, Maximiliano"]
[Black "Alonso, Salvador"]
[Result "0-1"]
[WhiteElo "2455"]
[BlackElo "2441"]
[PlyCount "114"]
[EventDate "2009.03.23"]
[EventType "tourn"]
[EventRounds "9"]
[EventCountry "ARG"]
[EventCategory "8"]
[Source "lmi"]
[SourceDate "2009.03.23"]

1. e4 c5 2. Nf3 e6 3. c3 d5 4. exd5 Qxd5 5. d4 Nc6 6. Na3 Nf6 7. Be3 cxd4 8.
Nb5 Qd8 9. Nbxd4 Nd5 10. Bg5 f6 11. Be3 Nxe3 12. fxe3 e5 13. Nxc6 Qxd1+ 14.
Rxd1 bxc6 15. Bc4 Bc5 16. e4 Ke7 17. Ke2 Bg4 18. Rd2 Rhd8 19. Rhd1 Rxd2+ 20.
Rxd2 a5 21. b3 Bh5 22. Kd1 g5 23. Kc2 Bg6 24. Re2 h5 25. h3 Be8 26. Ne1 Bd7 27.
Nd3 Bd6 28. Nf2 g4 29. hxg4 hxg4 30. Nh1 Bc5 31. Ng3 Rb8 32. Nf5+ Bxf5 33. exf5
Rh8 34. Bd3 Rh1 35. Re4 g3 36. Rc4 Kd6 37. b4 axb4 38. cxb4 Bd4 39. Be4 c5 40.
bxc5+ Bxc5 41. Rc3 Re1 42. Rd3+ Kc7 43. Bd5 e4 44. Rxg3 e3 45. Rg4 e2 46. Kd2
Rd1+ 47. Kxe2 Rxd5 48. Rf4 Kd6 49. g4 Bd4 50. Kf3 Be5 51. Ra4 Rd3+ 52. Ke2 Rg3
53. Kf2 Rc3 54. Re4 Ra3 55. Re2 Kd5 56. Kf1 Rf3+ 57. Rf2 Ke4 0-1

[Event "Magistral Internacional Mar de Ajo 2009"]
[Site "Buenos Aires ARG"]
[Date "2009.03.25"]
[Round "2.4"]
[White "Slipak, Sergio"]
[Black "Hobaica, Juan Pablo"]
[Result "1/2-1/2"]
[WhiteElo "2452"]
[BlackElo "2400"]
[PlyCount "65"]
[EventDate "2009.03.23"]
[EventType "tourn"]
[EventRounds "9"]
[EventCountry "ARG"]
[EventCategory "8"]
[Source "lmi"]
[SourceDate "2009.03.23"]

1. d4 Nf6 2. Nf3 g6 3. c4 Bg7 4. Nc3 d5 5. Qb3 dxc4 6. Qxc4 O-O 7. Bf4 c6 8. e4
Qb6 9. Qb3 Qxb3 10. axb3 Bg4 11. Ne5 Be6 12. Bc4 Nfd7 13. Nxd7 Nxd7 14. Bxe6
fxe6 15. Be3 Rfd8 16. Ke2 Nb8 17. e5 c5 18. Nb5 cxd4 19. Nxd4 Bxe5 20. Nxe6 Rc8
21. Rhd1 Bxb2 22. Rxa7 Rxa7 23. Bxa7 Be5 24. Rd8+ Rxd8 25. Nxd8 Nc6 26. Nxc6
bxc6 27. h3 h5 28. Kd3 Kf7 29. Ke4 Ke6 30. Be3 Bd6 31. g4 hxg4 32. hxg4 Bc7 33.
f3 1/2-1/2

[Event "Magistral Internacional Mar de Ajo 2009"]
[Site "Buenos Aires ARG"]
[Date "2009.03.25"]
[Round "2.5"]
[White "Garcia Palermo, Carlos"]
[Black "Rodriguez Vila, Andres"]
[Result "1/2-1/2"]
[WhiteElo "2484"]
[BlackElo "2524"]
[PlyCount "30"]
[EventDate "2009.03.23"]
[EventType "tourn"]
[EventRounds "9"]
[EventCountry "ARG"]
[EventCategory "8"]
[Source "lmi"]
[SourceDate "2009.03.23"]

1. d4 Nf6 2. c4 e6 3. Nc3 Bb4 4. e3 O-O 5. Nf3 d5 6. Bd3 c5 7. O-O Nc6 8. a3
Bxc3 9. bxc3 dxc4 10. Bxc4 Qc7 11. a4 Rd8 12. Qe2 b6 13. Bb5 Bb7 14. h3 Ne4 15.
Bb2 Na5 1/2-1/2

[Event "Magistral Internacional Mar de Ajo 2009"]
[Site "Buenos Aires ARG"]
[Date "2009.03.25"]
[Round "3.1"]
[White "Rodriguez Vila, Andres"]
[Black "Van Riemsdijk, Herman C"]
[Result "1-0"]
[WhiteElo "2524"]
[BlackElo "2393"]
[PlyCount "73"]
[EventDate "2009.03.23"]
[EventType "tourn"]
[EventRounds "9"]
[EventCountry "ARG"]
[EventCategory "8"]
[Source "lmi"]
[SourceDate "2009.03.23"]

1. d4 c5 2. d5 Nf6 3. Nc3 d6 4. Bg5 g6 5. Bxf6 exf6 6. e3 Bg7 7. Qd2 Na6 8. h4
h5 9. Nge2 Nc7 10. a4 a6 11. Nf4 Bd7 12. Ne4 Qe7 13. Nxc5 dxc5 14. d6 Qe5 15.
dxc7 Bc6 16. Bc4 Qxc7 17. O-O-O f5 18. Qd3 Bf6 19. Bb3 Be4 20. Qe2 Rc8 21. f3
c4 22. Ba2 Qb6 23. c3 Bd3 24. Nxd3 cxd3 25. Rxd3 O-O 26. g4 fxg4 27. fxg4 Qc6
28. Rf1 Qxa4 29. Kb1 Kg7 30. gxh5 Qxh4 31. Qf3 gxh5 32. Rg1+ Kh6 33. Rd5 Rce8
34. Rxh5+ Qxh5 35. Qxf6+ Qg6+ 36. Rxg6+ fxg6 37. Bf7 1-0

[Event "Magistral Internacional Mar de Ajo 2009"]
[Site "Buenos Aires ARG"]
[Date "2009.03.25"]
[Round "3.2"]
[White "Hobaica, Juan Pablo"]
[Black "Garcia Palermo, Carlos"]
[Result "1-0"]
[WhiteElo "2400"]
[BlackElo "2484"]
[PlyCount "93"]
[EventDate "2009.03.23"]
[EventType "tourn"]
[EventRounds "9"]
[EventCountry "ARG"]
[EventCategory "8"]
[Source "lmi"]
[SourceDate "2009.03.23"]

1. d4 d5 2. c4 e6 3. Nc3 Be7 4. Nf3 Nf6 5. Bg5 h6 6. Bh4 O-O 7. e3 b6 8. Be2
Bb7 9. Bxf6 Bxf6 10. cxd5 exd5 11. b4 c6 12. O-O Re8 13. Qb3 a5 14. bxa5 Rxa5
15. a4 Nd7 16. Rfe1 Be7 17. e4 dxe4 18. Bc4 Rf8 19. Rxe4 Rf5 20. Rae1 Bd6 21.
Qc2 b5 22. Nh4 Rf6 23. axb5 cxb5 24. Bd5 b4 25. Bxb7 Qc7 26. R4e3 Bxh2+ 27. Kh1
Bf4 28. Re7 bxc3 29. Bd5 Bd2 30. R1e2 Qd6 31. Ba2 Rxf2 32. Rxf7 R2xf7 33. Nf5
Qf6 34. Ne7+ Kh8 35. Ng6+ Kg8 36. Ne7+ Kh8 37. Ng6+ Qxg6 38. Qxg6 Rf6 39. Qd3
Rf1+ 40. Kh2 Nf6 41. Qg6 Rf4 42. Be6 Rh4+ 43. Kg1 Rxd4 44. Bf5 Bf4 45. Re7 Rg8
46. Qxf6 Bg3 47. Qxd4 1-0

[Event "Magistral Internacional Mar de Ajo 2009"]
[Site "Buenos Aires ARG"]
[Date "2009.03.25"]
[Round "3.3"]
[White "Diamant, Andre"]
[Black "Slipak, Sergio"]
[Result "1-0"]
[WhiteElo "2472"]
[BlackElo "2452"]
[PlyCount "77"]
[EventDate "2009.03.23"]
[EventType "tourn"]
[EventRounds "9"]
[EventCountry "ARG"]
[EventCategory "8"]
[Source "lmi"]
[SourceDate "2009.03.23"]

1. d4 d5 2. c4 dxc4 3. Nf3 Nf6 4. e3 g6 5. Bxc4 Bg7 6. O-O O-O 7. Nc3 Nfd7 8.
Qe2 Nb6 9. Bd3 Bg4 10. Be4 c6 11. h3 Be6 12. Bd3 a5 13. e4 a4 14. Be3 Na6 15.
a3 Bb3 16. Rac1 Nb8 17. Nb1 h6 18. Nbd2 Be6 19. Ne5 N8d7 20. f4 Ra5 21. f5 gxf5
22. exf5 Nxe5 23. dxe5 Rxe5 24. Nf3 Rxf5 25. Bxf5 Bxf5 26. Rcd1 Nd5 27. Bd4 e6
28. Bxg7 Kxg7 29. Kh1 Bg6 30. Rd4 Qb6 31. Qe5+ Kh7 32. Rh4 Qc7 33. Qg5 h5 34.
Ne5 Qe7 35. Rxh5+ Bxh5 36. Qxh5+ Kg7 37. Rf3 f5 38. Qg6+ Kh8 39. Qh6+ 1-0

[Event "Magistral Internacional Mar de Ajo 2009"]
[Site "Buenos Aires ARG"]
[Date "2009.03.25"]
[Round "3.4"]
[White "Alonso, Salvador"]
[Black "Rodriguez, Jorge Luis"]
[Result "1/2-1/2"]
[WhiteElo "2441"]
[BlackElo "2393"]
[PlyCount "29"]
[EventDate "2009.03.23"]
[EventType "tourn"]
[EventRounds "9"]
[EventCountry "ARG"]
[EventCategory "8"]
[Source "lmi"]
[SourceDate "2009.03.23"]

1. e4 e6 2. d4 d5 3. Nc3 Bb4 4. e5 c5 5. a3 Bxc3+ 6. bxc3 Ne7 7. Nf3 Qa5 8. Bd2
Nbc6 9. Bd3 c4 10. Be2 Bd7 11. O-O f6 12. Re1 O-O-O 13. Bf1 Ng6 14. g3 Rdf8 15.
Bg2 1/2-1/2

[Event "Magistral Internacional Mar de Ajo 2009"]
[Site "Buenos Aires ARG"]
[Date "2009.03.25"]
[Round "3.5"]
[White "Claverie, Raul"]
[Black "Ginzburg, Maximiliano"]
[Result "0-1"]
[WhiteElo "2374"]
[BlackElo "2455"]
[PlyCount "76"]
[EventDate "2009.03.23"]
[EventType "tourn"]
[EventRounds "9"]
[EventCountry "ARG"]
[EventCategory "8"]
[Source "lmi"]
[SourceDate "2009.03.23"]

1. d3 e5 2. g3 d5 3. Bg2 Nc6 4. Nd2 Be6 5. e4 dxe4 6. Nxe4 Qd7 7. Be3 O-O-O 8.
Ng5 Bd5 9. Bxd5 Qxd5 10. Qf3 Nh6 11. a3 Be7 12. Ne4 f5 13. Nc3 Qe6 14. Bxh6 Nd4
15. Qd1 Qc6 16. Bxg7 Qxh1 17. Kf1 Bd6 18. Bxh8 Rxh8 19. Qh5 Nxc2 20. Rc1 Nd4
21. Nce2 Nxe2 22. Qxf5+ Kb8 23. Kxe2 Rf8 24. Qxh7 Qg2 25. Nh3 Qxh2 26. Rf1 Bc5
27. Qh4 a5 28. b4 axb4 29. axb4 Bb6 30. Qh6 Rc8 31. Qe6 Rh8 32. Ng5 Qh5+ 33.
Nf3 e4 34. Qxe4 Re8 35. Rc1 Rxe4+ 36. dxe4 Qb5+ 37. Ke1 Qxb4+ 38. Kf1 Qb2 0-1

[Event "Magistral Internacional Mar de Ajo 2009"]
[Site "Buenos Aires ARG"]
[Date "2009.03.26"]
[Round "4.2"]
[White "Rodriguez, Jorge Luis"]
[Black "Claverie, Raul"]
[Result "1-0"]
[WhiteElo "2393"]
[BlackElo "2374"]
[PlyCount "97"]
[EventDate "2009.03.23"]
[EventType "tourn"]
[EventRounds "9"]
[EventCountry "ARG"]
[EventCategory "8"]
[Source "lmi"]
[SourceDate "2009.03.23"]

1. c4 f5 2. Nc3 Nf6 3. g3 g6 4. Bg2 Bg7 5. Nf3 O-O 6. O-O d6 7. d3 a5 8. Rb1 h6
9. e4 e6 10. Re1 Nc6 11. a3 g5 12. b4 f4 13. d4 axb4 14. axb4 g4 15. Nh4 f3 16.
Bf1 e5 17. Nb5 exd4 18. Nxd4 Nxd4 19. Qxd4 Be6 20. Nf5 Bxf5 21. exf5 Qd7 22.
Bd3 Rfe8 23. Bxh6 Rxe1+ 24. Rxe1 Re8 25. Be3 Qf7 26. Qf4 Qh5 27. Rd1 d5 28.
cxd5 Nxd5 29. Qg5 Qxg5 30. Bxg5 Nc3 31. Rf1 Ne2+ 32. Kh1 Bd4 33. f6 Kf7 34.
Bc4+ Kg6 35. f7 Rh8 36. Be7 Bg7 37. Rd1 b5 38. Bxb5 Kxf7 39. Bc5 Rh6 40. Rd7+
Kg6 41. Bd3+ Kf6 42. Rxc7 Rh5 43. Rc6+ Ke5 44. Rg6 Bf6 45. Rxg4 Rh8 46. Re4+
Kd5 47. Re3 Nd4 48. Be4+ Kc4 49. Bxf3 1-0

[Event "Magistral Internacional Mar de Ajo 2009"]
[Site "Buenos Aires ARG"]
[Date "2009.03.26"]
[Round "4.4"]
[White "Garcia Palermo, Carlos"]
[Black "Diamant, Andre"]
[Result "1/2-1/2"]
[WhiteElo "2484"]
[BlackElo "2474"]
[PlyCount "63"]
[EventDate "2009.03.23"]
[EventType "tourn"]
[EventRounds "9"]
[EventCountry "ARG"]
[EventCategory "8"]
[Source "lmi"]
[SourceDate "2009.03.23"]

1. d4 Nf6 2. Nf3 g6 3. c3 Bg7 4. Bg5 O-O 5. Nbd2 d6 6. e4 Nbd7 7. Be2 e5 8.
dxe5 Nxe5 9. O-O Re8 10. Nxe5 dxe5 11. Qc2 b6 12. Rfd1 Bb7 13. f3 Qe7 14. b4 a5
15. a3 axb4 16. cxb4 Red8 17. Rdc1 h6 18. Be3 Rdc8 19. Qb3 Rd8 20. a4 Nh5 21.
a5 Nf4 22. Bf1 bxa5 23. bxa5 Ba6 24. Bxa6 Rxa6 25. Qc4 Qg5 26. Bxf4 exf4 27.
Qxa6 Rxd2 28. Qf1 Bd4+ 29. Kh1 Rf2 30. Qg1 Rd2 31. Qf1 Rf2 32. Qg1 1/2-1/2

[Event "Magistral Internacional Mar de Ajo 2009"]
[Site "Buenos Aires ARG"]
[Date "2009.03.26"]
[Round "4.5"]
[White "Rodriguez Vila, Andres"]
[Black "Hobaica, Juan Pablo"]
[Result "1-0"]
[WhiteElo "2524"]
[BlackElo "2400"]
[PlyCount "69"]
[EventDate "2009.03.23"]
[EventType "tourn"]
[EventRounds "9"]
[EventCountry "ARG"]
[EventCategory "8"]
[Source "lmi"]
[SourceDate "2009.03.23"]

1. d4 d5 2. c4 c6 3. cxd5 cxd5 4. Nc3 Nf6 5. Bf4 Nc6 6. e3 e6 7. a3 a6 8. Bd3
Be7 9. Nf3 Nh5 10. Be5 Nxe5 11. dxe5 g6 12. O-O f5 13. Nd4 O-O 14. f4 Bc5 15.
Na4 b6 16. Rc1 Bxd4 17. exd4 Bd7 18. g3 Rf7 19. b4 Ng7 20. Qb3 Bb5 21. Rc2 Bc4
22. Bxc4 dxc4 23. Qe3 Rd7 24. d5 b5 25. Nb6 exd5 26. Nxa8 Qxa8 27. Rd1 Ne6 28.
Qb6 Kf7 29. a4 d4 30. axb5 Qf3 31. Re1 d3 32. Qc6 Rd5 33. Rf2 d2 34. Rxd2 Nxf4
35. gxf4 1-0

[Event "Magistral Internacional Mar de Ajo 2009"]
[Site "Buenos Aires ARG"]
[Date "2009.03.27"]
[Round "5.1"]
[White "Hobaica, Juan Pablo"]
[Black "Van Riemsdijk, Herman C"]
[Result "1-0"]
[WhiteElo "2400"]
[BlackElo "2393"]
[PlyCount "103"]
[EventDate "2009.03.23"]
[EventType "tourn"]
[EventRounds "9"]
[EventCountry "ARG"]
[EventCategory "8"]
[Source "lmi"]
[SourceDate "2009.03.23"]

1. Nf3 Nf6 2. c4 e6 3. g3 d5 4. Bg2 Be7 5. O-O O-O 6. d4 dxc4 7. Qc2 a6 8. Qxc4
b5 9. Qc2 Bb7 10. Bf4 Nc6 11. Rd1 Nb4 12. Qc1 Qc8 13. Bg5 Rd8 14. Nbd2 c5 15.
Bxf6 Bxf6 16. a3 Nc6 17. dxc5 Nd4 18. Nxd4 Bxg2 19. Kxg2 Rxd4 20. Qc2 Qc6+ 21.
Kg1 a5 22. e3 Rd5 23. Ne4 Re5 24. Nxf6+ gxf6 25. b4 axb4 26. axb4 Rxa1 27. Rxa1
Re4 28. Qd2 Kg7 29. Qd6 Qc8 30. Qd2 Qc6 31. Rc1 Re5 32. Rd1 Qf3 33. Qc2 Re4 34.
Rd4 Rxd4 35. exd4 Qc6 36. Qe2 f5 37. Qe5+ Kf8 38. Qh8+ Ke7 39. Qxh7 Qf3 40.
Qh4+ Ke8 41. Qf4 Qb3 42. Qb8+ Ke7 43. Qb7+ Kf6 44. Qxb5 Qb1+ 45. Qf1 Qxb4 46.
Qc1 Ke7 47. Qf4 Qb1+ 48. Kg2 Qb7+ 49. Qf3 Qb4 50. Qe3 Kd7 51. h4 Qc4 52. Qe5
1-0

[Event "Magistral Internacional Mar de Ajo 2009"]
[Site "Buenos Aires ARG"]
[Date "2009.03.27"]
[Round "5.2"]
[White "Diamant, Andre"]
[Black "Rodriguez Vila, Andres"]
[Result "1-0"]
[WhiteElo "2472"]
[BlackElo "2524"]
[PlyCount "129"]
[EventDate "2009.03.23"]
[EventType "tourn"]
[EventRounds "9"]
[EventCountry "ARG"]
[EventCategory "8"]
[Source "lmi"]
[SourceDate "2009.03.23"]

1. e4 e5 2. Nf3 Nc6 3. Nc3 d6 4. d4 Bg4 5. d5 Nd4 6. Be3 Nxf3+ 7. gxf3 Bd7 8.
f4 exf4 9. Bxf4 Ne7 10. Qd2 Ng6 11. Bg3 h5 12. f4 Be7 13. Rg1 c5 14. O-O-O Qa5
15. e5 h4 16. Bf2 dxe5 17. fxe5 Nxe5 18. Re1 f6 19. Rxg7 Bf8 20. Rxd7 Kxd7 21.
Bh3+ Kd8 22. Rxe5 fxe5 23. Qg5+ Kc7 24. Qxe5+ Bd6 25. Qg7+ Kb6 26. Qd7 Bf4+ 27.
Kd1 Rac8 28. Qe6+ Kc7 29. Qf7+ Kb8 30. Qxf4+ Rc7 31. d6 Rc6 32. Bg2 Qb4 33. Qe5
Qg4+ 34. Kc1 Rd8 35. Bxc6 bxc6 36. Qxc5 Qf4+ 37. Be3 Qf1+ 38. Kd2 Qg2+ 39. Ne2
Rd7 40. Bf4 Kc8 41. Qe5 Qg4 42. b3 Kb7 43. Kc3 Rf7 44. Kb2 Qg6 45. a4 h3 46.
Bg3 Qg7 47. Qxg7 Rxg7 48. Kc3 Kc8 49. Kd3 Kd7 50. Ke3 c5 51. Kf3 Rg8 52. Nc1
Rf8+ 53. Kg4 c4 54. bxc4 Rc8 55. Kxh3 Rxc4 56. Nd3 Rxc2 57. Kg4 Rc3 58. Nf2
Rc4+ 59. Kf5 Rxa4 60. Ne4 Rb4 61. Be5 Rb5 62. Nf6+ Kd8 63. Ke6 Rb7 64. Ne4 Rh7
65. Nc5 1-0

[Event "Magistral Internacional Mar de Ajo 2009"]
[Site "Buenos Aires ARG"]
[Date "2009.03.27"]
[Round "5.3"]
[White "Alonso, Salvador"]
[Black "Garcia Palermo, Carlos"]
[Result "1-0"]
[WhiteElo "2441"]
[BlackElo "2484"]
[PlyCount "91"]
[EventDate "2009.03.23"]
[EventType "tourn"]
[EventRounds "9"]
[EventCountry "ARG"]
[EventCategory "8"]
[Source "lmi"]
[SourceDate "2009.03.23"]

1. e4 c6 2. d4 d5 3. Nd2 dxe4 4. Nxe4 Bf5 5. Ng3 Bg6 6. h4 h6 7. Nf3 Nd7 8. h5
Bh7 9. Bd3 Bxd3 10. Qxd3 Ngf6 11. Bd2 e6 12. O-O-O Be7 13. Ne4 Nxe4 14. Qxe4
Nf6 15. Qe2 b5 16. Kb1 Qd5 17. Ne5 a5 18. Rhe1 b4 19. f4 a4 20. f5 O-O 21. fxe6
Qxe6 22. Qf3 Bd6 23. Nxc6 Qc4 24. Ne5 Bxe5 25. dxe5 Rfc8 26. Qd3 Qxd3 27. cxd3
Nd5 28. Rc1 Rd8 29. Re4 Kf8 30. Rc5 Ke7 31. Rd4 Ke6 32. Rc6+ Ke7 33. g4 Rab8
34. g5 Rb5 35. Kc1 hxg5 36. Bxg5+ f6 37. exf6+ gxf6 38. Bd2 Rg8 39. Re4+ Kd7
40. Rcc4 Rg3 41. h6 f5 42. h7 Rb8 43. Re1 Rh3 44. Rd4 Kc6 45. Kb1 Rxh7 46. Rc1+
1-0

[Event "Magistral Internacional Mar de Ajo 2009"]
[Site "Buenos Aires ARG"]
[Date "2009.03.27"]
[Round "5.4"]
[White "Claverie, Raul"]
[Black "Slipak, Sergio"]
[Result "1/2-1/2"]
[WhiteElo "2374"]
[BlackElo "2452"]
[PlyCount "84"]
[EventDate "2009.03.23"]
[EventType "tourn"]
[EventRounds "9"]
[EventCountry "ARG"]
[EventCategory "8"]
[Source "lmi"]
[SourceDate "2009.03.23"]

1. e4 e5 2. Bc4 Nf6 3. d3 Nc6 4. Nf3 Be7 5. O-O O-O 6. a4 d6 7. h3 Na5 8. Ba2
c5 9. Nc3 Nc6 10. Nd2 Be6 11. Nc4 d5 12. exd5 Nxd5 13. Nxd5 Bxd5 14. Re1 f6 15.
f4 exf4 16. Bxf4 Kh8 17. Qd2 f5 18. Qf2 Bf6 19. c3 b6 20. Re3 g5 21. Be5 Nxe5
22. Nxe5 Bxe5 23. Rxe5 Bxa2 24. Rxa2 Qxd3 25. Ra1 Rae8 26. Rae1 Rxe5 27. Rxe5
Qd1+ 28. Qf1 Qxf1+ 29. Kxf1 Kg7 30. Re7+ Rf7 31. Re6 h5 32. Ke2 h4 33. b4 cxb4
34. cxb4 Rd7 35. a5 Kf7 36. Rh6 Kg7 37. Rc6 bxa5 38. bxa5 Rb7 39. a6 Rb2+ 40.
Kf3 Rb3+ 41. Kf2 Rb2+ 42. Kf3 Rb3+ 1/2-1/2